Equilibrium / Dimension Films presents ; written & ... Read More
Record details
- ISBN: 0788846108
- ISBN: 9780788846106
- Physical Description: 1 videodisc (107 min.) : sd., col. ; 4 3/4 in.
- Edition: Widescreen [version].
- Publisher: [United States] : Dimension Home Video ; [2003], c2002.
Content descriptions
| General Note: | Originally released as a motion picture in 2002. Special features: commentary track with the director; commentary track with the director & producer; ... Read More |
| Formatted Contents Note: | Special features: Widescreen enhanced for 16x9 ... Read More |
| Creation/Production Credits Note: | Cinematographer, Dion Beebe ; editor, Tom Rolf, ... Read More |
| Participant or Performer Note: | Christian Bale, Emily Watson, Taye Diggs, Angus ... Read More |
| Summary, etc.: | In the future, after a Third World War has ... Read More |
| Target Audience Note: | MPAA rating: R; for violence. |
| Additional Physical Form available Note: | Also issued on VHS. |
| System Details Note: | DVD ; NTSC ; Dolby digital 5.1 surround sound ; ... Read More |
| Language Note: | Closed-captioned. |
Search for related items by subject
| Subject: | Emotions > Drama. Therapeutics > Drama. Police > Drama. Video recordings for the hearing impaired. Emotions. Police. Therapeutics. |
| Genre: | Feature films. Science fiction films. Video recordings for the hearing impaired. Feature films. Drama. Feature films. Science fiction films. Video recordings for the hearing impaired. |
| LDR | 04972cgm a2200937Ia 4500 | ||
|---|---|---|---|
| 001 | 201531 | ||
| 003 | LARL_NWRL_CONSORTIUM | ||
| 005 | 20160219202325.0 | ||
| 008 | 030314p20032002cau107 e vleng d | ||
| 007 | vd cvaizu | ||
| 020 | . | ‡a0788846108 | |
| 020 | . | ‡a9780788846106 | |
| 024 | 1 | . | ‡a786936181081 |
| 024 | 1 | . | ‡a096009752095 |
| 028 | 4 | 2. | ‡a26095 ‡bDimension Home Video |
| 035 | . | ‡a(OCoLC)51855848 | |
| 082 | 0 | 4. | ‡a791.4372 ‡222 |
| 245 | 1 | 0. | ‡aEquilibrium / ‡cDimension Films presents ; written & directed by Kurt Wimmer ; produced by Jan De Bont, Lucas Foster ; a Blue Tulip production. |
| 250 | . | ‡aWidescreen [version]. | |
| 260 | . | ‡a[United States] : ‡bDimension Home Video ; ‡aBurbank, Calif. : ‡bDistributed by Buena Vista Home Entertainment, ‡c[2003], c2002. | |
| 300 | . | ‡a1 videodisc (107 min.) : ‡bsd., col. ; ‡c4 3/4 in. | |
| 538 | . | ‡aDVD ; NTSC ; Dolby digital 5.1 surround sound ; widescreen (2.35:1). | |
| 546 | . | ‡aClosed-captioned. | |
| 511 | 1 | . | ‡aChristian Bale, Emily Watson, Taye Diggs, Angus MacFadyen, Sean Bean, Sean Pertwee, Matthew Harbour, William Fichtner. |
| 508 | . | ‡aCinematographer, Dion Beebe ; editor, Tom Rolf, William Yeh ; music, Klaus Badelt ; costume designer, Joseph Porro ; production designer, Wolf Kroeger. | |
| 500 | . | ‡aOriginally released as a motion picture in 2002. | |
| 521 | 8 | . | ‡aMPAA rating: R; for violence. |
| 530 | . | ‡aAlso issued on VHS. | |
| 520 | . | ‡aIn the future, after a Third World War has decimated much of the Earth's population, a new nation arose. Believing human emotions and their expression were to blame for the failings of past societies, it is decreed that all citizens must take a daily dose of a drug which levels out the emotional landscape, and that all forms of creative expression are against the law. An elite law enforcement officer who tracks down and punishes "sense offenders" one day, accidentally, fails to take his drug, and for the first time begins experiencing emotions himself. | |
| 500 | . | ‡aSpecial features: commentary track with the director; commentary track with the director & producer; behind-the-scenes featurette: "Finding Equilibrium." | |
| 505 | 0 | . | ‡aSpecial features: Widescreen enhanced for 16x9 televisions -- Feature commentary with director Kurt Wimmer -- Feature commentary with director Kurt Wimmer and producer Lucas Foster -- Finding Equilibrium -- Language: English Dolby digital 5.1 surround sound -- Subtitles: English |
| 650 | 0. | ‡aEmotions ‡vDrama. | |
| 650 | 0. | ‡aTherapeutics ‡vDrama. | |
| 650 | 0. | ‡aPolice ‡vDrama. ‡0(LARL_NWRL_CONSORTIUM)174177 | |
| 650 | 7. | ‡aVideo recordings for the hearing impaired. ‡2lcsh ‡0(LARL_NWRL_CONSORTIUM)35804 | |
| 650 | 7. | ‡aEmotions. ‡2fast ‡0(LARL_NWRL_CONSORTIUM)19236 | |
| 650 | 7. | ‡aPolice. ‡2fast ‡0(LARL_NWRL_CONSORTIUM)28439 | |
| 650 | 7. | ‡aTherapeutics. ‡2fast ‡0(LARL_NWRL_CONSORTIUM)32713 | |
| 655 | 7. | ‡aFeature films. ‡2lcgft ‡0(LARL_NWRL_CONSORTIUM)175625 | |
| 655 | 7. | ‡aScience fiction films. ‡2lcgft ‡0(LARL_NWRL_CONSORTIUM)175747 | |
| 655 | 7. | ‡aVideo recordings for the hearing impaired. ‡2lcgft ‡0(LARL_NWRL_CONSORTIUM)175744 | |
| 655 | 7. | ‡aFeature films. ‡2gsafd ‡0(LARL_NWRL_CONSORTIUM)175625 | |
| 655 | 7. | ‡aDrama. ‡2fast | |
| 655 | 7. | ‡aFeature films. ‡2fast ‡0(LARL_NWRL_CONSORTIUM)175625 | |
| 655 | 7. | ‡aScience fiction films. ‡2fast ‡0(LARL_NWRL_CONSORTIUM)175747 | |
| 655 | 7. | ‡aVideo recordings for the hearing impaired. ‡2fast ‡0(LARL_NWRL_CONSORTIUM)175744 | |
| 700 | 1 | . | ‡aWimmer, Kurt, ‡d1964- ‡0(LARL_NWRL_CONSORTIUM)142067 |
| 700 | 1 | . | ‡aBont, Jan de. ‡0(LARL_NWRL_CONSORTIUM)115048 |
| 700 | 1 | . | ‡aFoster, Lucas. ‡0(LARL_NWRL_CONSORTIUM)199456 |
| 700 | 1 | . | ‡aBale, Christian, ‡d1974- ‡0(LARL_NWRL_CONSORTIUM)146391 |
| 700 | 1 | . | ‡aWatson, Emily, ‡d1967- ‡0(LARL_NWRL_CONSORTIUM)151511 |
| 700 | 1 | . | ‡aDiggs, Taye. ‡0(LARL_NWRL_CONSORTIUM)143441 |
| 700 | 1 | . | ‡aMacFadyen, Angus, ‡d1963- ‡0(LARL_NWRL_CONSORTIUM)207144 |
| 700 | 1 | . | ‡aBean, Sean. ‡0(LARL_NWRL_CONSORTIUM)141468 |
| 700 | 1 | . | ‡aPertwee, Sean. |
| 700 | 1 | . | ‡aHarbour, Matthew. ‡0(LARL_NWRL_CONSORTIUM)219809 |
| 700 | 1 | . | ‡aFichtner, William. ‡0(LARL_NWRL_CONSORTIUM)123896 |
| 700 | 1 | . | ‡aBeebe, Dion. ‡0(LARL_NWRL_CONSORTIUM)149713 |
| 700 | 1 | . | ‡aRolf, Tom. ‡0(LARL_NWRL_CONSORTIUM)214439 |
| 700 | 1 | . | ‡aYeh, William. |
| 700 | 1 | . | ‡aBadelt, Klaus. ‡0(LARL_NWRL_CONSORTIUM)149068 |
| 700 | 1 | . | ‡aPorro, Joseph. |
| 700 | 1 | . | ‡aKroeger, Wolf. ‡0(LARL_NWRL_CONSORTIUM)149557 |
| 901 | . | ‡a201531 ‡b ‡c201531 ‡tbiblio | |

Add to basket
Permalink
Disable Highlighting